El Manual de les escriptures públiques d'Ignasi Cases i Ferrer, notari de Valls : (1790-1791) / edició a cura de Joan Papell i Tardiu (1790-1791) / edició a cura de Joan Papell i Tardiu
ISBN:
84-7935-950-1
Descripción Física:
2 v. (1233 p.) ; 24 cm
Colección:
Acta notariorum Cataloniae ; 11-12
MARC
| LEADER | 00000nam a2200000Ia 4500 | ||
|---|---|---|---|
| 001 | 14707, 14708 | ||
| 008 | 160829s2001 xx 000 0 cat d | ||
| 020 | |a 84-7935-950-1 (o.c.) | ||
| 080 | |a A-2-163, A-2-164 | ||
| 245 | |a El Manual de les escriptures públiques d'Ignasi Cases i Ferrer, notari de Valls : |b (1790-1791) / edició a cura de Joan Papell i Tardiu | ||
| 260 | |a Barcelona : |b Fundació Noguera ; Lleida : |b Pagès, |c 2001 | ||
| 300 | |a 2 v. (1233 p.) ; |c 24 cm | ||
| 490 | |a Acta notariorum Cataloniae ; 11-12 | ||
| 590 | |a Referències bibliogràfiques. | ||
| 590 | |a Índexs | ||
| 650 | |a Cases i Ferrer, Ignasi |x Arxius |x Catàlegs |9 39780 | ||
| 650 | |a Notaris |x Valls |x S. XVIII |x Fonts |9 39781 | ||
| 650 | |a Documents públics |x Valls |x S. XVIII |x Catàlegs |9 39782 | ||
| 700 | |a Papell i Tardiu, Joan, ed. |9 39783 | ||
| 700 | |a Fundació Noguera |9 70407 | ||
| 901 | |a Arxiu | ||
| 942 | |n 1 | ||
| 952 | |0 0 |1 0 |4 0 |6 A2163_A2164 |7 1 |9 49211 |a Arxiu |b Arxiu |d 2016-12-01 |l 0 |o A-2-163, A-2-164 |p 14707, 14708 |r 2016-12-01 00:00:00 |w 2016-12-01 |y ARXIU | ||
| 999 | |c 53051 |d 53051 | ||